00517nam a2200169Ia 4500008004100000020002200041041000800063082001100071100002400082260002700106245002000133250000600153300000800159650002500167999001700192952013800209220805s9999 xx 000 0 und d a978-1-906388-80-5 aeng a746.44 aHedley, Gwen987749 aLondonbBatsfordc2010 aDrawn to stitch a1 a144 aTextile Craft987750 c48300d48300 001040708FNaMNVTbMNVTd2022-08-09ePurchaseg2250.00l0o746.44/HED/B857pMNVT-BK-857r2022-08-09 00:00:00w2022-08-09yBKzB857